Introductión to chemistry / (Record no. 56694)

MARC details
000 -LEADER
fixed length control field 00532nam a22001817a 4500
005 - DATE AND TIME OF LATEST TRANSACTION
control field 20150814134650.0
008 - FIXED-LENGTH DATA ELEMENTS--GENERAL INFORMATION
fixed length control field a s1984 mnua eng
020 ## - INTERNATIONAL STANDARD BOOK NUMBER
International Standard Book Number 0808747401
100 1# - MAIN ENTRY--PERSONAL NAME
Personal name Hardwick, E. Russell
245 10 - TITLE STATEMENT
Title Introductión to chemistry /
Statement of responsibility, etc E. Russell Hardwick.
250 ## - EDITION STATEMENT
Edition statement 1a ed.
260 ## - PUBLICATION, DISTRIBUTION, ETC. (IMPRINT)
Place of publication, distribution, etc Minneapolis, Minnesota :
Name of publisher, distributor, etc Burgess Publishing,
Date of publication, distribution, etc 1984
300 ## - PHYSICAL DESCRIPTION
Extent xvii, 667 p. ;
Dimensions 24 cm.
504 ## - BIBLIOGRAPHY, ETC. NOTE
Bibliography, etc Incluye apéndice e índice
650 #7 - SUBJECT ADDED ENTRY--TOPICAL TERM
Topical term or geographic name as entry element Quimica
Source of heading or term Lemb
942 ## - ADDED ENTRY ELEMENTS (KOHA)
Source of classification or shelving scheme Biblioteca del Cogreso de los Estados Unidos
Koha item type Libro
Holdings
Estado de pérdida Fuente de clasificación Estado del daño No para préstamo Ubicación permanente Ubicación actual Apartado o colección Fecha de adquisición Edición Área del conocimiento Clasificación Código de Barras Date last seen Número de copia Tipo de recurso
  Biblioteca del Cogreso de los Estados Unidos     Biblioteca de la Facultad de Medicina Veterinaria y Zootecnia Biblioteca de la Facultad de Medicina Veterinaria y Zootecnia General 14/08/2015 1a ed. Ciencias Agropecuarias QD31 .2 H37 1984 MVZ000002815 14/08/2015 C:1 Libro
  Biblioteca del Cogreso de los Estados Unidos     Biblioteca de la Facultad de Medicina Veterinaria y Zootecnia Biblioteca de la Facultad de Medicina Veterinaria y Zootecnia General 14/08/2015 1a ed. Ciencias Agropecuarias QD31 .2 H37 1984 MVZ000002814 14/08/2015 C:2 Libro
  Biblioteca del Cogreso de los Estados Unidos     Biblioteca de la Facultad de Medicina Veterinaria y Zootecnia Biblioteca de la Facultad de Medicina Veterinaria y Zootecnia General 14/08/2015 1a ed. Ciencias Agropecuarias QD31 .2 H37 1984 MVZ000002813 14/08/2015 C:3 Libro